| 000 | 01589nam a2200361 c 4500 | ||
|---|---|---|---|
| 999 |
_c31668 _d31668 |
||
| 003 | BLK | ||
| 005 | 20220924120019.0 | ||
| 008 | 180407b bul|||||r ||||||| ||bul|| | ||
| 010 | _aKNG00034326000 | ||
| 020 | _a954-685-113-2 | ||
| 040 | _aBLK | ||
| 041 |
_aBUL _cBUL |
||
| 080 |
_aИнтернет. Изчислителни системи. Мултиизчислителни комплекси и многомашинни мрежи _b004.738.5 _x(035) _z004.738.5(035) |
||
| 080 |
_aЕзици за програмиране : алгол, кобол, фортран, информ, синтол. Вж и 681. 3. 06 _b811.93 _x(035) _z811.93(035) |
||
| 139 |
_a[ЕйчТиЕмЕл] HTML 4 в лесни стъпки _bЕ 39 |
||
| 245 | 1 | 0 | _a[ЕйчТиЕмЕл] HTML 4 в лесни стъпки |
| 257 | _aBGR | ||
| 260 |
_bСофтПрес _c2000 _fХасково : Полиграфюг |
||
| 300 |
_a208 с. _bс ил. _c24 см |
||
| 380 | _a62 | ||
| 500 | _aОфс. изд. - 1 000 тир. | ||
| 650 | 4 |
_aИнтернет - наръчници и ръководства _9257284 |
|
| 650 | 4 |
_aЕзици за програмиране - наръчници и ръководства _9241821 |
|
| 653 | _aHTML | ||
| 653 | _aезици за програмиране | ||
| 653 | _aИнтернет | ||
| 653 | _aръководства | ||
| 852 | _aЦб 206677 | ||
| 856 | 4 | _qpdf | |
| 856 | 4 | _qpdf | |
| 942 |
_cKNG _n0 _05 _s1 |
||
| 944 |
_aCR _c15.01.2003 _lф / _kНаталия_Медовщикова |
||
| 944 |
_aED _c14.02.2018 _lф / _kЛюдмила_Стоянова |
||
| 999 | _d31668 | ||